000 00731nam a22002417a 4500
005 20170124110200.0
010 _aA-294459
020 _c00.00
035 _aA-294459
037 _bCen Lib/Ret
040 _aDPL
_bEN
082 _a181.46
_bSHA
100 _aSharma, G. Ranjit
_935793
245 _aThe idealistic philosophy of swami vivekananda /
_cby G. Ranjit Sharma
246 _b
260 _bAtlantic Publishers
_aNew Delhi
_c1987
270 _bNew Delhi
_aB-2, vishal enclave, najafgarh road
_e110027
300 _aviii, 197p..
_c19cm(Hb)
500 _aIncludes bibliographical references
650 _aPhilosophy
_935794
650 _aIdeology
_935795
942 _2ddc
_cEN
_h181.46
_mSHA
999 _c132806
_d132806